Saltar al contenido
Inicio
Centros participantes
Catálogo
Servicios
Contacto
כניסה לחשבון
English
Deutsch
Español
Français
Italiano
日本語
Nederlands
Português
Português (Brasil)
中文(简体)
中文(繁體)
Türkçe
עברית
Gaeilge
Cymraeg
Ελληνικά
Català
Euskara
Русский
Čeština
Suomi
Svenska
polski
Dansk
slovenščina
اللغة العربية
বাংলা
Galego
Tiếng Việt
Hrvatski
हिंदी
Հայերէն
Українська
Sámegiella
שפה
כל השדות
כותר
מחבר
נושא
סימן המיקום
ISBN/ISSN
תג
מצא
מתקדם
Documento del congreso de soci...
יצירת מראה מקום
שלח את זה
הדפסה
יצוא רשומה
יצוא אל RefWorks
יצוא אל EndNoteWeb
יצוא אל EndNote
הוספה למועדפים
Enlace Permanente
Doalvun gárvvis —
Agregar primera valuación
Documento del congreso de sociología
שמור ב:
מידע ביבליוגרפי
מחבר תאגידי:
Asociación Panameña de Sociología
פורמט:
Texto
יצא לאור:
Panamá:
APSO
תגים:
הוספת תג
אין תגיות, היה/י הראשונ/ה לתייג את הרשומה!
מלאי ספרים
תיאור
הערות
פריטים דומים
תצוגת צוות
MARC
LEADER
00000 a a2200000 04500
001
21468
003
040
090
|a
094704
110
|a
Asociación Panameña de Sociología
245
|a
Documento del congreso de sociología
260
|a
Panamá:
|b
APSO
300
|a
79 p.
999
|c
16353
|d
16353
פריטים דומים
Documento del congreso de sociología
Documento del congreso de sociología
Documento del congreso de sociología
Documento del congreso de sociología
Documento del congreso de sociología